Startup strategy humor : democratizing statup strategy /

Bibliographic Details
Main Author: Pillania, Rajesh K., (Author)
Format: eBook
Language:English
Published: New York, NY : Business Expert Press, [2018]
Subjects:
Online Access:Click to View
LEADER 01560nam a2200385 i 4500
001 EBC5507124
003 MiAaPQ
005 20200520144314.0
006 m o d |
007 cr cnu||||||||
008 180926s2018 nyu o 000 0 eng d
020 |z 9781948976800 
020 |a 9781948976817 (e-book) 
035 |a (MiAaPQ)EBC5507124 
035 |a (Au-PeEL)EBL5507124 
035 |a (CaPaEBR)ebr11606776 
035 |a (OCoLC)1052446685 
040 |a MiAaPQ  |b eng  |e rda  |e pn  |c MiAaPQ  |d MiAaPQ 
050 4 |a HD62.5  |b .P555 2018 
082 0 |a 658.041  |2 23 
100 1 |a Pillania, Rajesh K.,  |e author. 
245 1 0 |a Startup strategy humor :  |b democratizing statup strategy /  |c Rajesh K. Pillania. 
264 1 |a New York, NY :  |b Business Expert Press,  |c [2018] 
264 4 |c 2018 
300 |a 1 online resource (164 pages) 
336 |a text  |b txt  |2 rdacontent 
337 |a computer  |b c  |2 rdamedia 
338 |a online resource  |b cr  |2 rdacarrier 
588 |a Description based on print version record. 
590 |a Electronic reproduction. Ann Arbor, MI : ProQuest, 2018. Available via World Wide Web. Access may be limited to ProQuest affiliated libraries. 
650 0 |a New business enterprises  |z United States. 
655 4 |a Electronic books. 
776 0 8 |i Print version:  |a Pillania, Rajesh K.  |t Startup strategy humor : democratizing statup strategy.  |d New York, NY : Business Expert Press, c2018   |h 164 pages   |z 9781948976800 
797 2 |a ProQuest (Firm) 
856 4 0 |u https://ebookcentral.proquest.com/lib/matrademy/detail.action?docID=5507124  |z Click to View